| 000 | 00342 a2200109 4500 | ||
|---|---|---|---|
| 001 | ART_2196 | ||
| 005 | 20260410161723.0 | ||
| 008 | 260409a | ||
| 245 | 1 | 0 | _aEl marco para la estrategia y su implementación |
| 100 | 1 | _aLevy, Alberto R. | |
| 773 | 0 |
_tAdministración de empresas _g- Año XVI, Nº 185 (ago. 1985) _wREV2036 |
|
| 999 |
_c17169 _d17169 |
||